000 00775cam a2200229 4500
001 WB3704-25
008 000000n2001 000 0 eng u
035 _a(Sirsi) u110486
245 _aHeritage applications simplified
260 _c2001
490 _aDETR News Release
_v(017) 18 January 2001, (2)
520 _aA new DETR circular part of the Modernising Planning Initiative, details new arrangements to simplify the handling of listed building consents in London.
590 _aWB
650 _aPLANNING POLICY
650 _aHERITAGE PLANNING
650 _aHERITAGE PROPERTIES
650 _aLISTED BUILDING CONSENT
650 _aENGLISH HERITAGE
650 _aLONDON
690 _aENVIRONMENTAL AND LAND CONSULTANCY-PLANNING AND DEVELOPMENT
942 _n0
999 _c65868
_d65868